Reforma del sistema bancario de Estados Unidos
Španielsky pohľad na reformu bankového systému USA. Charakteristické znaky regulácie. Rigorózna špecializácia na tradičné bankové obchody. Geografické obmedzenia bankových operácií. Príčiny krízy bankového modelu USA. Návrh ministerstva financií USA na novú reformu bankového systému USA v 1991 a jej...
Salvato in:
| Autore principale: | |
|---|---|
| Natura: | Capitolo di libro |
| Lingua: | spagnolo |
| Soggetti: | |
| Tags: |
Nessun Tag, puoi essere il primo ad aggiungerne!!
|
MARC
| LEADER | 00000naa a2200000 4500 | ||
|---|---|---|---|
| 001 | r013321 | ||
| 005 | 20221205075607.2 | ||
| 041 | 0 | |a spa | |
| 044 | |a MX | ||
| 245 | 1 | 0 | |a Reforma del sistema bancario de Estados Unidos |c A. Carrascosa Morales |
| 520 | |a Španielsky pohľad na reformu bankového systému USA. Charakteristické znaky regulácie. Rigorózna špecializácia na tradičné bankové obchody. Geografické obmedzenia bankových operácií. Príčiny krízy bankového modelu USA. Návrh ministerstva financií USA na novú reformu bankového systému USA v 1991 a jej hodnotenie. | ||
| 610 | 2 | 0 | |a bankovníctvo |
| 610 | 2 | 0 | |a sústava banková |
| 610 | 2 | 0 | |a USA |
| 610 | 2 | 0 | |a obchody bankové |
| 100 | 1 | |a Carrascosa Morales, A. | |